|
|
|
|
| LEADER |
00000nam a2200000 a 4500 |
| 001 |
vtls009497055 |
| 003 |
SK-MaSNL |
| 005 |
20260302010114.0 |
| 008 |
251124s2008 xo ol f p 000 0 slo |
| 015 |
|
|
|a SNBA2009/05-02166
|
| 020 |
|
|
|a 9788080942120
|q (brož.)
|
| 035 |
|
|
|a A4CD62EC-5C16-4E20-AF31-FF6D321A4A3E
|
| 035 |
|
|
|a urn:nbn:sk:snk-amk1yr
|
| 035 |
|
|
|a urn:nbn:sk:snk-am0086ep
|
| 040 |
|
|
|a SNK
|b slo
|c SNK
|e AACR2
|
| 041 |
0 |
|
|a slo
|b eng
|
| 043 |
|
|
|a e-xo---
|
| 044 |
|
|
|a xo
|c SK
|
| 072 |
|
7 |
|a 502
|x Životné prostredie a jeho ochrana
|2 konspekt
|
| 072 |
|
7 |
|a 71
|x Územné plánovanie. Urbanizmus. Pamiatková starostlivosť
|2 konspekt
|
| 080 |
|
|
|a 502.5
|2 2001
|
| 080 |
|
|
|a 711.4/.8
|2 2001
|
| 080 |
|
|
|a 574
|2 2001
|
| 080 |
|
|
|a (437.6)
|2 2001
|
| 080 |
|
|
|a (048.8)
|2 2001
|
| 100 |
1 |
|
|a Mišovičová, Regína,
|d 1975-
|4 aut
|9 220749
|
| 245 |
1 |
0 |
|a Krajinnoekologické predpoklady rozvoja mesta Nitra a jeho kontaktného územia
|b [v rámci programu KEGA 3/3179/05 Koncepcie teórie... druhotnej krajinnej štruktúry]
|c Regina Mišovičová
|
| 250 |
|
|
|a 1. vyd.
|
| 260 |
|
|
|a Nitra
|b Univerzita Konštantína Filozofa
|c 2008
|
| 300 |
|
|
|a 113, 7 s. fareb. mp. na príl.
|b tab., fareb. fotogr.
|c 25 cm
|
| 366 |
|
|
|e 100 výt.
|
| 490 |
1 |
|
|a Prírodovedec
|v č. 273
|
| 500 |
|
|
|a Zozn.
|
| 504 |
|
|
|a Bibliogr. s. 103-108
|
| 546 |
|
|
|a Res. angl.
|
| 650 |
0 |
7 |
|a krajinný ráz
|2 SNKPH
|9 3810
|
| 650 |
0 |
7 |
|a rozvoj miest
|2 SNKPH
|9 2928
|
| 650 |
0 |
7 |
|a ekológia
|2 SNKPH
|9 785
|
| 655 |
|
7 |
|a monografie
|2 SNKPH
|9 70139
|
| 810 |
2 |
|
|a Univerzita Konštantína Filozofa v Nitre.
|b Fakulta prírodných vied.
|b Katedra ekológie a environmentalistiky
|t Prírodovedec
|9 648468
|
| 830 |
|
0 |
|a Prírodovedec
|9 266401
|
| 919 |
|
|
|a 978-80-8094-212-0
|
| 958 |
|
|
|a OND
|
| 958 |
|
|
|a NB
|
| 968 |
|
|
|d 50
|
| 999 |
|
|
|c 1001960
|d 1003890
|
| 952 |
|
|
|a SNK
|b SNK
|y PREZ
|7 0
|p 17A0619860
|o snkSC 135479
|i snk2009/7974
|8 0
|0 0
|1 0
|4 0
|d 2009-04-30
|f 1
|l 0
|r 2025-07-01 00:00:00
|w 2026-02-24
|
| 952 |
|
|
|a SNK
|b SNK
|y VYP
|7 0
|p 17A0619859
|o snkSC 135479 D1
|i snk2009/7975
|8 0
|0 0
|1 0
|4 0
|d 2009-04-30
|l 0
|r 2026-02-24 12:23:53
|w 2026-02-24
|